Deutsche Fußballvereine mit Gelb/Gold im Wappen - Statistiken

Allgemein
  • Dieses Quiz wurde 73 mal gespielt
    48 seit der letzten Aktualisierung
  • Das Durchschnittsergebnis liegt bei 8 aus 13
Antwortstatistiken
Liga Verein % Korrekt
Bundesliga Borussia Dortmund
100%
2. Bundesliga Dynamo Dresden
78%
Bundesliga FC Augsburg
78%
Bundesliga VfB Stuttgart
76%
3. Liga Alemannia Aachen
73%
Bundesliga Union Berlin
71%
Bundesliga Bayer Leverkusen
69%
2. Bundesliga Eintracht Braunschweig
67%
3. Liga Energie Cottbus
53%
3. Liga 1. FC Saarbrücken
51%
3. Liga Wehen Wiesbaden
33%
2. Bundesliga SV Elversberg
13%
3. Liga Erzgebirge Aue
11%
Keine übereinstimmenden Quizze gefunden
Verteilung der Resultate
Anzahl Personen mit jedem Resultat
Perzentil nach korrekt beantworteten Fragen
Ihre Resultats-Entwicklung
Sie haben dieses Quiz seit der letzten Aktualisierung nicht gespielt